Semafor. /

Uložené v:
Podrobná bibliografia
Hlavný autor: Harnišová, Mája (Author)
Médium: Kniha
Jazyk:Slovak
Vydané: Košice : Nomi s.r.o. Košice, [2003]
Vydanie:1. vyd.
Témy:
ISBN: 8088958423 (brož.)
Fyzický popis: 28 s.
Tagy: Pridať tag
Žiadne tagy, Buďte prvý kto otaguje tento záznam!

MARC

LEADER 00000nam a2200000 a 4500
001 000089607
003 SVKK
005 20030624000000.0
008 030327s2003 xo e sloo
020 |a 8088958423 (brož.) 
040 |a SVKKK  |b slo  |c SVKKK  |e AACR2 
041 0 |a slo 
044 |a xo  |c SK 
080 |a 372.865.61(076)  |2 1997 
080 |a 087.5  |2 1997 
100 1 |a Harnišová, Mája  |4 aut 
245 1 0 |a Semafor. /  |c Mája Harnišová 
250 |a 1. vyd. 
260 |a Košice :  |b Nomi s.r.o. Košice,  |c [2003] 
300 |a 28 s. 
653 0 |a výchova dopravná  |2 SVKKKPH 
653 0 |a zošity pracovné  |2 SVKKKPH 
655 7 |a pracovné zošity  |2 SVKKKPH 
910 |a svkkk 
919 |a 80-88958-42-3 
974 |a UH  |d 20030617 
974 |a KL  |d 20030528 
974 |a MI  |d 20030625 
998 |a BK 
090 |g SCKHL  |k Sklad Hlavná 10 prízemie  |a V.209609  |j 952729  |i 2720151183  |s Absenčne 
090 |g SCKHL  |k Sklad Hlavná 10 prízemie  |a V.209629  |j 952871  |i 2720151209  |s Absenčne